| 000 | 01182nam a2200241Ia 4500 | ||
|---|---|---|---|
| 003 | Ost | ||
| 005 | 20260507075804.0 | ||
| 008 | 260507s9999||||xx |||||||||||||| ||und|| | ||
| 020 | _a9789776253568 | ||
| 040 | _cfsecg | ||
| 041 | _aara | ||
| 082 | _a382 | ||
| 100 |
_aالجمل، حازم حسن _eمؤلف |
||
| 245 | 0 |
_aالحماية القانونية للتجارة من الممارسات غير المشروعة : _bالتجارة الدولية، التجارة الداخلية، التجارة الالكترونية / _c حازم حسن الجمل |
|
| 260 |
_aالمنصورة : _bدار الفكر والقانون للنشر والتوزيع, _c2012 |
||
| 300 |
_a192 صفحة؛ _bإيضاحات ؛ _c23 سم |
||
| 504 | _aبيليوغرافيا: ص ص.179-188 | ||
| 520 | _aيضم الحماية القانونية للتجارة الخارجية من الممارسات غير المشروعة، الحماية القانونية للتجارة الداخلية من الممارسات غير المشروعة . | ||
| 653 | _aالتجارة | ||
| 653 | _aالتجارة الخارجية | ||
| 653 | _aالتجارة الداخلية | ||
| 942 | _cكتاب | ||
| 999 |
_c46351 _d46351 |
||